MyGZULibrary

Masango mavi / (Record no. 1058)

MARC details
000 -LEADER
fixed length control field 00807cam a22002777a 4500
001 - CONTROL NUMBER
control field 4993561
003 - CONTROL NUMBER IDENTIFIER
control field GZU
005 - DATE AND TIME OF LATEST TRANSACTION
control field 20200922112040.0
008 - FIXED-LENGTH DATA ELEMENTS--GENERAL INFORMATION
fixed length control field 981210s1998 rh 000 0 sna
010 ## - LIBRARY OF CONGRESS CONTROL NUMBER
LC control number 98982412
020 ## - INTERNATIONAL STANDARD BOOK NUMBER
International Standard Book Number 086922719X
040 ## - CATALOGING SOURCE
Original cataloging agency DLC
Transcribing agency DLC
Modifying agency DLC
042 ## - AUTHENTICATION CODE
Authentication code lcode
050 00 - LIBRARY OF CONGRESS CALL NUMBER
Classification number PL 8681
Item number CHI 1998
100 1# - MAIN ENTRY--PERSONAL NAME
Personal name Chiwome, Emmanuel.
245 10 - TITLE STATEMENT
Title Masango mavi /
Statement of responsibility, etc. [E.M. Chiwome].
246 1# - VARYING FORM OF TITLE
Display text Parallel title on t.p. verso:
Title proper/short title Hostile jungle
260 ## - PUBLICATION, DISTRIBUTION, ETC.
Place of publication, distribution, etc. Gweru, Zimbabwe :
Name of publisher, distributor, etc. Mambo Press,
Date of publication, distribution, etc. 1998.
300 ## - PHYSICAL DESCRIPTION
Extent 103 p. ;
Dimensions 21 cm.
440 #0 - SERIES STATEMENT/ADDED ENTRY--TITLE
Title Mambo writers series.
Name of part/section of a work Shona section ;
Volume/sequential designation v. 34
500 ## - GENERAL NOTE
General note Short stories.
546 ## - LANGUAGE NOTE
Language note In Shona.
906 ## - LOCAL DATA ELEMENT F, LDF (RLIN)
a 7
b cbc
c origode
d u
e ncip
f 19
g y-gencatlg
942 ## - ADDED ENTRY ELEMENTS (KOHA)
Source of classification or shelving scheme Library of Congress Classification
Koha item type Books
Classification part 8681
Item part CHI
Call number prefix PL
Holdings
Withdrawn status Lost status Damaged status Not for loan Collection code Home library Current library Shelving location Date acquired Total Checkouts Full call number Barcode Date last seen Date last checked out Copy number Price effective from Koha item type Source of classification or shelving scheme
        Fiction City Campus Library City Campus Library General Stacks 09/22/2020 4 PL 8681 CHI 1998 014855 07/14/2022 07/07/2022 c.1 09/22/2020 Books  
        Fiction City Campus Library City Campus Library General Stacks 03/25/2000 2 PL8681 CHI 1999 G22186 10/08/2022 10/01/2022 c.2 03/25/2021 Books  
        Fiction City Campus Library City Campus Library General Stacks 06/28/2022 2 PL8681 CHI 1999 G22119 10/10/2022 10/03/2022 c. 3 06/28/2022 Books Library of Congress Classification